LEADER 01078nam 2200337 450 001 9910135275203321 005 20231208083626.0 010 $a0-7381-4182-8 035 $a(CKB)3780000000092133 035 $a(NjHacI)993780000000092133 035 $a(EXLCZ)993780000000092133 100 $a20231208d1959 uy 0 101 0 $aeng 135 $aur||||||||||| 181 $ctxt$2rdacontent 182 $cc$2rdamedia 183 $acr$2rdacarrier 200 10$aANSI/IEEE Std 206-1960 /$fInstitute of Electrical and Electronics Engineers 210 1$a[Place of publication not identified] :$cIEEE,$d1959. 215 $a1 online resource (312 pages) 517 $a206-1960 - IEEE Standard on Television 517 $aANSI/IEEE Std 206-1960: IEEE Standard on Television: Measurement of Differential Gain and Differential Phase 606 $aDifferential inclusions 615 0$aDifferential inclusions. 676 $a515.35 801 0$bNjHacI 801 1$bNjHacl 906 $aDOCUMENT 912 $a9910135275203321 996 $aANSI$92072434 997 $aUNINA LEADER 01482nam0 22003493i 450 001 VAN00274703 005 20251030111810.841 017 70$2N$a9789811982187 100 $a20240410d2023 |0itac50 ba 101 $aeng 102 $aSG 105 $a|||| ||||| 181 $ai$b e 182 $ab 183 $acr 200 1 $aSmart Plant Breeding for Field Crops in Post-genomics Era$feditors Devender Sharma ... [et al.] 210 $aSingapore$cSpringer$d2023 215 $aXXII, 411 p.$cill.$d24 cm 620 $aSG$dSingapore$3VANL000061 676 $a576.5$cGenetica$v22 676 $a660.6$cBiotecnologia. Microbiologia applicata$v22 676 $a630$cAgricoltura e tecnologie connesse$v22 702 1$aSharma$bDevender$3VANV227153 712 $aSpringer $3VANV108073$4650 801 $aIT$bSOL$c20251031$gRICA 856 4 $uhttps://link.springer.com/book/10.1007/978-981-19-8218-7$zE-book - Accesso al full-text attraverso riconoscimento IP di Ateneo, proxy e/o Shibboleth 899 $aBIBLIOTECA DEL DIPARTIMENTO DI SCIENZE E TECNOLOGIE AMBIENTALI BIOLOGICHE E FARMACEUTICHE$1IT-CE0101$2VAN17 912 $fN 912 $aVAN00274703 950 $aBIBLIOTECA DEL DIPARTIMENTO DI SCIENZE E TECNOLOGIE AMBIENTALI BIOLOGICHE E FARMACEUTICHE$d17CONS e-book 2309 $e17BIB2309/286 286 20240410 996 $aSmart Plant Breeding for Field Crops in Post-genomics Era$93359247 997 $aUNICAMPANIA